000 00649nam a22001577a 4500
003 OSt
005 20151105144338.0
008 151105b xxu||||| |||| 00| 0 eng d
040 _cRUA
082 _aFOR TON 1999 B126 Or.1
100 _93399
_aTONG, CHANTHEANG.
245 _aHousehold agroforestry practice in srey santhor district kampong cham province, ការអនុវត្តន៍កសិរុក្ខកម្មជាលក្ខណៈគ្រួសារនៅស្រុកស្រីសន្ធរ ខេត្តកំពង់ចាម
260 _aPhnom Penh
_bRUA
_c1999
300 _a50p.
_bill.
_c29cm.
942 _2ddc
_cFOR
999 _c3171
_d3171